PSG - Players to have scored - 2003/04 - 2014/15 - Statistics

General Stats
  • This quiz has been taken 608 times
  • The average score is 35 of 79
Answer Stats
Position Nationality Answer % Correct
FW Sweden Zlatan Ibrahimovic
96%
FW Uruguay Edinson Cavani
95%
DF Brazil Thiago Silva
86%
FW Argentina Ezequiel Lavezzi
80%
MD Italy Marco Verratti
78%
MD Argentina Javier Pastore
77%
MD Italy Thiago Motta
76%
FW Brazil Lucas Moura
75%
FW Portugal Pedro Miguel Pauleta
75%
MD France Blaise Matuidi
73%
DF Brazil Marquinhos
73%
DF Brazil Maxwell
70%
DF Netherlands Grégory Van der Wiel
69%
DF Brazil David Luiz
67%
DF Ivory Coast Serge Aurier
63%
DF Brazil Alex
62%
FW France Guillaume Hoarau
62%
MD France Adrien Rabiot
61%
MD Brazil Nenê
61%
DF France Mamadou Sakho
58%
DF France Christophe Jallet
56%
FW Turkey Mevlüt Erding
56%
MD France Jérémy Menez
55%
FW France Kevin Gameiro
54%
DF Uruguay Diego Lugano
53%
MD France Clément Chantôme
51%
MD France Jérôme Rothen
49%
DF Argentina Gabriel Heinze
48%
FW Serbia Mateja Kezman
48%
DF Colombia Mario Yepes
47%
MD France Yohan Cabaye
47%
MD Albania Lorik Cana
46%
MD Benin Stéphane Sessègnon
46%
DF France Sylvain Armand
46%
MD Mali Mohamed Sissoko
45%
DF France Zoumana Camara
45%
FW France Ludovic Giuly
44%
DF Mali Sammy Traoré
44%
FW France Péguy Luyindula
43%
DF Brazil Ceara
42%
MD France Claude Makélélé
42%
FW Ivory Coast Amara Diané
39%
DF Serbia Milan Bisevac
39%
DF Iviry Coast Sieka Tiené
38%
MD Ivory Coast Bonaventure Kalou
37%
FW France Jean-Christophe Bahebeck
37%
MD France Jérémy Clément
37%
FW Haïti Jean-Eudes Maurice
36%
DF France Mathieu Bodmer
34%
MD Uruguay Cristian Rodriguez
33%
DF France Frédéric Dehu
33%
DF France Bernard Mendy
32%
FW France Fabrice Fiorèse
32%
MD Cameroon Modeste M'bami
32%
MD Russia Sergey Semak
32%
FW Serbia Danijel Ljuboja
31%
DF Argentina Juan-Pablo Sorin
31%
MD France Edouard Cissé
30%
MD France Hervin Ongenda
30%
FW Nigeria Bartholomew Ogbeche
27%
DF Czech Republic David Rozehnal
27%
MD Tunisia Selim Benachour
26%
MD Montenegro Branko Boskovic
25%
MD France Fabrice Pancrate
25%
DF France José-Karl Pierre-Fanfan
25%
FW France Pierre-Alain Frau
25%
MD France Charles-Edouard Coridon
24%
MD DR Congo Neeskens Kebano
24%
FW Brazil Reinaldo
24%
MD Argentina Marcelo Gallardo
23%
MD France Jérôme Leroy
22%
MD France Younousse Sankharé
21%
FW France Loris Arnaud
20%
MD Brazil Paulo César
20%
MD France Christophe Landrin
19%
DF Portugal Helder Cristovao
19%
MD France David Hellebuyck
18%
FW France David N'Gog
17%
DF DR Congo Larrys Mabiala
17%
No matching quizzes found
Score Distribution
Percent of People with Each Score
Percentile by Number Answered
Your Score History
You have not taken this quiz